Łona i Webber - Koniec Żartów (wszystkie utwory) - Statystyki

Ogólne statystyki
  • Ten quiz został rozwiązany 4 razy
  • Średni wynik to 6 z 16
Statystyki odpowiedzi
Numer Tytuł % Poprawnych
6 Helmut, Rura !
75%
1 Jak Nagrać 1szą Płytę ?
75%
12 Rozmowa
75%
15 Emilia Chce Spać
50%
8 Fruźki Wolą Optymistów
50%
4 Konewka (Skit)
50%
2 My Się Znamy ???
50%
10 Bądźmy Poważni
25%
13 Biznesmen
25%
11 Nic Z Tego Nie Będzie
25%
5 O Jak Dobrze (Full Flejwor Rimejk)
25%
3 Włamywacz
25%
9 Żadnych Gości
25%
16 Hiphop Non Stop
0%
7 Raperzy Są Niedobrzy
0%
14 Rozterki Młodego Rapera (Skit)
0%
Nie znaleziono quizów pasujących do podanych kryteriów
Rozkład punktacji
Procent ludzi z każdym wynikiem
Percentyl według liczby udzielonych odpowiedzi
Twoja historia wyników
Nie rozwiązałeś tego quizu